Peklo, nebo ráj? Státní zásahy do ekonomiky v Evropské unii
Rozdielne názory na štátne intervencie do ekonomiky. Vývoj a pozadie štátnych zásahov v krajinách Európskej únie. Rôzna sila štátnych intervencií v rôznych krajinách. Varianty americkej, japonskej alebo západoeurópskej intervencie - charakteristika týchto modelov - model čisto trhového, štátno-direk...
Salvato in:
| Autore principale: | |
|---|---|
| Natura: | Capitolo di libro |
| Lingua: | ceco |
| Soggetti: | |
| Tags: |
Nessun Tag, puoi essere il primo ad aggiungerne!!
|
MARC
| LEADER | 00000naa a2200000 4500 | ||
|---|---|---|---|
| 001 | r018294 | ||
| 005 | 20221205101440.0 | ||
| 041 | 0 | |a cze | |
| 044 | |a CZ | ||
| 245 | 1 | 0 | |a Peklo, nebo ráj? |b Státní zásahy do ekonomiky v Evropské unii |c Ivana Dostálová |
| 520 | |a Rozdielne názory na štátne intervencie do ekonomiky. Vývoj a pozadie štátnych zásahov v krajinách Európskej únie. Rôzna sila štátnych intervencií v rôznych krajinách. Varianty americkej, japonskej alebo západoeurópskej intervencie - charakteristika týchto modelov - model čisto trhového, štátno-direktívneho alebo sociálno-trhového hospodárstva. Klady a zápory štátnej intervencie. | ||
| 610 | 2 | 0 | |a intervencionizmus štátny |
| 610 | 2 | 0 | |a Európska únia |
| 610 | 2 | 0 | |a USA |
| 610 | 2 | 0 | |a Japonsko |
| 610 | 2 | 0 | |a západná Európa |
| 100 | 1 | |a Dostálová, Ivana | |